| 000 | 00783cab a2200217 4500 | ||
|---|---|---|---|
| 001 | X84597 | ||
| 008 | 090401t1997 xxu||||| |||| 00| 0 eng d | ||
| 035 | _a(Sirsi) u98501 | ||
| 041 | _aeng | ||
| 245 | _aMannai Investment co. ltd v Eagle Star Life Assurance co. ltd | ||
| 260 | _c1997 | ||
| 350 | _a0 | ||
| 490 |
_aWeekly Law Reports _v13 June 1997, 945-976(32) |
||
| 520 | _aHL 20 Jan 1997. Landlord and tenant - Lease for fixed term - Notice to determine - Lease for 10 years - Provision to determine - Notice wrongly stating date of termination - Whether effective. | ||
| 650 |
_aLANDLORD AND TENANT _96252 |
||
| 650 | _aLEASE | ||
| 650 | _aMANNAI INVESTMENT CO LTD V EAGLE STAR LIFE ASSURANCE CO LTD UK | ||
| 690 | _aLAW-CASE LAW | ||
| 942 | _n0 | ||
| 948 | _c17/06/1997 | ||
| 999 |
_c59884 _d59884 |
||